| 000 | 00468cam a2200193 4500 | ||
|---|---|---|---|
| 001 | B3393 | ||
| 008 | 090401t1991 xxu||||| |||| 00| 0 eng d | ||
| 035 | _a(Sirsi) u55805 | ||
| 041 | _aeng | ||
| 050 | _a333.3370942496 | ||
| 110 |
_aChesterton _92357 |
||
| 245 | _aBirmingham business space review 1990/91 | ||
| 260 |
_aLondon _bChesterton _c1991 |
||
| 300 | _a32p. : ill.,maps ; 30cm. | ||
| 350 | _a45 | ||
| 650 | _aOFFICES | ||
| 942 | _n0 | ||
| 948 | _c04/03/1997 | ||
| 999 |
_c93655 _d93655 |
||